Knobelaufgaben #3 - Statistiken

Allgemein
  • Dieses Quiz wurde 143 mal gespielt
  • Das Durchschnittsergebnis liegt bei 4 aus 6
Antwortstatistiken
Hint Antwort % Korrekt
In einem kleinen verschlafenen Dorf passierte in einer Vollmondnacht etwas Seltsames. Ein alter grauhaariger Mann tauchte wie aus dem Nichts auf dem Marktplatz auf und erzählte den dort feiernden Menschen, dass diese bis zum Sonnenaufgang ein Rätsel lösen müssten, ansonsten würde ein Fluch über die Dorfbewohner herbeiziehen.Die Bewohner des Dorfes versammelten sich in der Dorfmitte, um die Worte des alten Mannes besser hören zu können. Dieser sprach! „Ich bin unsichtbar, aber spüren könnt Ihr mich dennoch. Ich kann nicht schreien, aber Schreie kann ich in die Ferne tragen und Vögel lieben mich bei Ihrem Flug über das Land." Doch keiner der Dorfbewohner konnte das Rätsel lösen. Kannst du Ihnen dabei helfen und den Fluch von Ihnen fernhalten? Wind
93%
Peters Mutter hat 4 Kinder. Das erste Kind wurde auf den Namen „Januar“ getauft. Das zweite Kind hat den Namen „März“ bekommen. Das dritte Kind hört auf den Namen „Mai“.Wie heiß das vierte Kind? Peter
92%
Ein älterer Herr möchte an diesem Sonntag eine wunderschöne junge Frau heiraten. Sein bester Freund rät ihm aber davon ab. „Du bist doch dreimal so alt wie deine zukünftige Braut“ warf er ihm vor. Dieser konterte aber gelassen:“Ja! Aber in 20 Jahren bin ich nur noch doppelt so alt wie sie".
In welchem Alter werden die Beiden am Sonntag heiraten?
Alter Frau:
20
89%
Ein älterer Herr möchte an diesem Sonntag eine wunderschöne junge Frau heiraten. Sein bester Freund rät ihm aber davon ab. „Du bist doch dreimal so alt wie deine zukünftige Braut“ warf er ihm vor. Dieser konterte aber gelassen:“Ja! Aber in 20 Jahren bin ich nur noch doppelt so alt wie sie".
In welchem Alter werden die Beiden am Sonntag heiraten?
Alter Mann:
60
86%
Peter war mit seinen Freunden einen trinken und kommt etwas alkoholisiert nach Hause. Seine Frau fragt ihn voller Sorge: „Wo warst du denn den ganzen Abend und weißt du überhaupt, wie spät es ist?“Darauf Peter etwas lallend: „Um 60 vor 17 Uhr kam Klaus zu uns nach Hause und wir beide habe 125 Minuten lang einen coolen Film gesehen. 25 Minuten, nach dem der Film zu Ende war, kam endlich Tom. Wir drei haben uns erst einmal eine Pizza bestellt. Bis die geliefert wurde, vergingen weitere 36 Minuten. Und zum Essen der Pizza haben wir noch mal 30 Minuten benötigt. Dann stand Bierschnelltrinken auf dem Programm. Ich brauchte stolze 24 Minuten für einen Kasten Bier. Nun ging alles sehr schnell – Taxifahrt zur Kneipe 18 Minuten, 6 Runden Schnaps in 36 Minuten, 6 Minuten auf der Toilette, um das Bier wieder loszuwerden. Zweite Taxifahrt zur Disco 15 Minuten und 240 Minuten Abtanzen in der Disco. Für den Rückweg hatten wir dann kein Geld mehr, daher sind wir gelaufen. Man tun mir die Füße weh, nach 2 Stunden orientierungslosem Schwanken zurück zu dir, mein Schatz! Wann kam Peter wirklich nach Hause? 3:15
43%
Was ist stärker als die Liebe?Was ist böser als der Teufel? Was ist göttlicher als Gott? Was ist vergänglicher als die Zeit? Was ist größer als das Universum? Nichts
43%
Keine übereinstimmenden Quizze gefunden
Verteilung der Resultate
Anzahl Personen mit jedem Resultat
Perzentil nach korrekt beantworteten Fragen
Ihre Resultats-Entwicklung
Sie haben dieses Quiz noch nicht gespielt